Cantares gallegos / (Record no. 43083)

MARC details
000 -LEADER
campo de control de longitud fija 00517nam a2200169 i 4500
001 - NÚMERO DE CONTROL
campo de control 43083
003 - IDENTIFICADOR DE NÚMERO DE CONTROL
campo de control ES-MaACL
005 - FECHA Y HORA DE LA ÚLTIMA TRANSACCIÓN
campo de control 20231227153120.0
007 - CAMPO FIJO DE DESCRIPCIÓN FÍSICA--INFORMACIÓN GENERAL
campo de control de longitud fija t|
008 - DATOS DE LONGITUD FIJA--INFORMACIÓN GENERAL
campo de control de longitud fija 030314s1957 sp ||||1| spa d
100 1# - ENTRADA PRINCIPAL--NOMBRE DE PERSONA
Nombre de persona Castro, Rosalía de,
Fechas asociadas al nombre 1837-1885
9 (RLIN) 147676
245 10 - MENCIÓN DEL TÍTULO
Título Cantares gallegos /
Mención de responsabilidad, etc. Rosalía de Castro.
260 ## - PUBLICACIÓN, DISTRIBUCIÓN, ETC.
Lugar de publicación, distribución, etc. [Madrid :
Nombre del editor, distribuidor, etc. Aguilar,
Fecha de publicación, distribución, etc. 1957] (
Lugar de fabricación/manufactura Valencia :
Fabricante Tip. Artística)
300 ## - DESCRIPCIÓN FÍSICA
Extensión 416 p. :
Otras características físicas 1 retr. aut. ;
Dimensiones 8 cm.
852 ## - LOCALIZACIÓN
Ubicación ES-MaACL
Número de control de estantería D-6732
Sublocalización o colección R.41261
Holdings
Estatus retirado Estado de pérdida Estado de daño No para préstamo Biblioteca de origen Biblioteca actual Ubicación en estantería Fecha de adquisición Fuente de adquisición Total de préstamos Signatura topográfica completa Código de barras Visto por última vez Precio de reemplazo Tipo de ítem Koha
        Biblioteca del Ateneo de Madrid Biblioteca del Ateneo de Madrid Sala Valle Inclán 17/01/2008     D-6732 901045347 23/02/2023 23/02/2023 Libro impreso